| 000 | 00646cam a2200229ua 4500 | ||
|---|---|---|---|
| 020 |
_a0 86 311370 2 _c120.00 |
||
| 041 |
_aeng _h |
||
| 082 |
_a005.131 _bBAL/NU |
||
| 100 | _aBalachandrarao, S . | ||
| 245 |
_aNumerical methods with programs in BASIC,FORTRAN and PASCAL / _cS Balachandrarao. _hTextual Documents |
||
| 250 |
_a1 / _b. |
||
| 260 |
_aHyderabad : _bUniversities press India Pvt Ltd , _c1992. |
||
| 300 | _a446 ; . | ||
| 365 | _a120.00 | ||
| 500 | _a19029, 19030, 19031, CSS | ||
| 504 | _a | ||
| 700 | 1 | _aShantha, C K . | |
| 942 | _cBK | ||
| 999 |
_c10917 _d10917 |
||